000 00273nam a22001217a 4500
008 170407b xxu||||| |||| 00| 0 eng d
041 _aeng
080 _24ED
_a611.018
100 _a9
101 _aSHM
245 _aCOLOR ATLAS HISTOLOGY
_cGARTNER.L.P
942 _2udc
_cBK
999 _c10066
_d10066